鹿児島県の市町村(1968年) - Statistics

General Stats
  • This quiz has been taken 16 times
  • The average score is 54 of 96
Answer Stats
コード 市町村 備考 % Correct
46201 鹿児島市
100%
46202 川内市 2004年消滅
100%
46203 鹿屋市
100%
46205 串木野市 2005年消滅
100%
46206 阿久根市
100%
46204 枕崎市
83%
46207 名瀬市 2006年消滅
83%
46208 出水市
83%
46210 指宿市
83%
46211 加世田市 2005年消滅
83%
46212 国分市 2005年消滅
83%
46214 垂水市
83%
46209 大口市 2008年消滅
67%
46213 西之表市
67%
46322 揖宿郡山川町 2006年消滅
67%
46323 揖宿郡頴娃町 2007年消滅
67%
46324 揖宿郡開聞町 2006年消滅
67%
46361 日置郡市来町 2005年消滅
67%
46366 日置郡日吉町 2005年消滅
67%
46367 日置郡吹上町 2005年消滅
67%
46368 日置郡金峰町 2005年消滅
67%
46501 熊毛郡中種子町
67%
46502 熊毛郡南種子町
67%
46503 熊毛郡上屋久町 2007年消滅
67%
46504 熊毛郡屋久町 2007年消滅
67%
46523 大島郡大和村
67%
46524 大島郡宇検村
67%
46525 大島郡瀬戸内町
67%
46526 大島郡住用村 2006年消滅
67%
46528 大島郡笠利町 2006年消滅
67%
46529 大島郡喜界町
67%
46530 大島郡徳之島町
67%
46531 大島郡天城町
67%
46532 大島郡伊仙町
67%
46533 大島郡和泊町
67%
46534 大島郡知名町
67%
46535 大島郡与論町
67%
46302 鹿児島郡西桜島村 1973年昇格
50%
46321 揖宿郡喜入町 2004年消滅
50%
46341 川辺郡笠沙町 2005年消滅
50%
46342 川辺郡大浦町 2005年消滅
50%
46343 川辺郡坊津町 2005年消滅
50%
46344 川辺郡知覧町 2007年消滅
50%
46345 川辺郡川辺町 2007年消滅
50%
46362 日置郡東市来町 2005年消滅
50%
46363 日置郡伊集院町 2005年消滅
50%
46364 日置郡松元町 2004年消滅
50%
46382 薩摩郡入来町 2004年消滅
50%
46386 薩摩郡薩摩町 2005年消滅
50%
46387 薩摩郡祁答院町 2004年消滅
50%
46421 伊佐郡菱刈町 2008年消滅
50%
46441 姶良郡加治木町 2010年消滅
50%
46442 姶良郡姶良町 2010年消滅
50%
46444 姶良郡溝辺町 2005年消滅
50%
46445 姶良郡横川町 2005年消滅
50%
46446 姶良郡栗野町 2005年消滅
50%
46447 姶良郡吉松町 2005年消滅
50%
46449 姶良郡霧島町 2005年消滅
50%
46450 姶良郡隼人町 2005年消滅
50%
46451 姶良郡福山町 2005年消滅
50%
46461 囎唹郡大隅町 1972年郡改称
50%
46463 囎唹郡財部町 1972年郡改称
50%
46464 囎唹郡末吉町 1972年郡改称
50%
46466 囎唹郡志布志町 1972年郡改称
50%
46467 囎唹郡有明町 1972年郡改称
50%
46468 囎唹郡大崎町 1972年郡改称
50%
46481 肝属郡串良町 2006年消滅
50%
46482 肝属郡東串良町
50%
46483 肝属郡内之浦町 2005年消滅
50%
46484 肝属郡高山町 2005年消滅
50%
46485 肝属郡吾平町 2006年消滅
50%
46486 肝属郡大根占町 2005年消滅
50%
46487 肝属郡根占町 2005年消滅
50%
46488 肝属郡田代町 2005年消滅
50%
46489 肝属郡佐多町 2005年消滅
50%
46521 大島郡三島村 1973年郡変更
50%
46522 大島郡十島村 1973年郡変更
50%
46527 大島郡龍郷村 1975年昇格
50%
46301 鹿児島郡吉田村 1972年昇格
33%
46365 日置郡郡山町 2004年消滅
33%
46381 薩摩郡樋脇町 2004年消滅
33%
46383 薩摩郡東郷町 2004年消滅
33%
46384 薩摩郡宮之城町 2005年消滅
33%
46385 薩摩郡鶴田町 2005年消滅
33%
46388 薩摩郡里村 2004年消滅
33%
46389 薩摩郡上甑村 2004年消滅
33%
46390 薩摩郡下甑村 2004年消滅
33%
46401 出水郡野田村 1975年昇格
33%
46402 出水郡高尾野町 2006年消滅
33%
46403 出水郡東町 2006年消滅
33%
46404 出水郡長島町
33%
46443 姶良郡蒲生町 2010年消滅
33%
46448 姶良郡牧園町 2005年消滅
33%
46462 囎唹郡輝北町 1972年郡改称
33%
46465 囎唹郡松山町 1972年郡改称
33%
46391 薩摩郡鹿島村 2004年消滅
17%
No matching quizzes found
Score Distribution
Percent of People with Each Score
Percentile by Number Answered
Your Score History
You have not taken this quiz